Zum Problem der Gleichungen vom gemischten typus
Αποθηκεύτηκε σε:
| Κύριος συγγραφέας: | |
|---|---|
| Μορφή: | Βιβλίο |
| Γλώσσα: | German Russian |
| Δημοσίευση: |
Berlin :
VEB Deutscher Verlag der Wissenschaften,
1957
|
| Σειρά: | Mathematische Forschungsberichte ;
; 5 |
| Θέματα: | |
| Ετικέτες: |
Προσθήκη ετικέτας
Δεν υπάρχουν, Καταχωρήστε ετικέτα πρώτοι!
|
MARC
| LEADER | 00000cam a2200000 i 4500 | ||
|---|---|---|---|
| 001 | 1/101336 | ||
| 008 | 090216s1957 ger d | ||
| 035 | |l 10103225 | ||
| 040 | |a GR-MY-UA |b gre |e aacr | ||
| 041 | 0 | |a ger |h rus | |
| 082 | 0 | |a 515.353 |2 (22) | |
| 100 | 1 | |a Bitsadze, A. V. |q (Andrei Vasilevich), |d 1916-1994. | |
| 245 | 1 | 0 | |a Zum Problem der Gleichungen vom gemischten typus / |c W. A. Bizadse |
| 260 | |a Berlin : |b VEB Deutscher Verlag der Wissenschaften, |c 1957 | ||
| 300 | |a 58 σ.; |c 24 εκ. | ||
| 490 | 1 | |a Mathematische Forschungsberichte |v ; 5 | |
| 504 | |a Περιέχει βιβλιογραφικές παραπομπές | ||
| 650 | 0 | 0 | |a Differential equations, Partial. |
| 830 | 0 | |a Mathematische Forschungsberichte ; |v ; 5 | |
| 852 | |a INST |b SAMOS |c MAG |e 20090216 |h 515.353 BIZ |p 005300029340 |q 005300029340 |t BK |y 0 | ||
| 901 | |a BIBL3-2009-1 | ||
| 909 | |a Σ |b 155624 | ||
| 970 | |a ΡΟΥΣΣΟΥ |b ΚΩΝΣΤΑΝΤΙΝΑ |z 2009/02/16 | ||